The "new" terrorism : (Record no. 15494)

000 -LEADER
fixed length control field 01511cam a2200325 a 4500
001 - CONTROL NUMBER
control field 14491064
005 - DATE AND TIME OF LATEST TRANSACTION
control field 20170105102919.0
008 - FIXED-LENGTH DATA ELEMENTS--GENERAL INFORMATION
fixed length control field 060810s2007 ctua b 001 0 eng
010 ## - LIBRARY OF CONGRESS CONTROL NUMBER
LC control number 2006026014
020 ## - INTERNATIONAL STANDARD BOOK NUMBER
International Standard Book Number 0275989631 (alk. paper)
035 ## - SYSTEM CONTROL NUMBER
System control number (OCoLC)ocm70911137
035 ## - SYSTEM CONTROL NUMBER
System control number (OCoLC)70911137
040 ## - CATALOGING SOURCE
Original cataloging agency DLC
Transcribing agency DLC
Modifying agency BAKER
-- C#P
-- YDXCP
-- BTCTA
-- AWC
-- DLC
050 00 - LIBRARY OF CONGRESS CALL NUMBER
Classification number HV6431
Item number .M628 2007
082 00 - DEWEY DECIMAL CLASSIFICATION NUMBER
Classification number 363.325
Edition number 22
100 1# - MAIN ENTRY--PERSONAL NAME
Personal name Mockaitis, Thomas R.,
Dates associated with a name 1955-
245 15 - TITLE STATEMENT
Title The "new" terrorism :
Remainder of title myths and reality /
Statement of responsibility, etc. Thomas R. Mockaitis.
260 ## - PUBLICATION, DISTRIBUTION, ETC.
Place of publication, distribution, etc. Westport, Conn. :
Name of publisher, distributor, etc. Praeger Security International,
Date of publication, distribution, etc. 2007.
300 ## - PHYSICAL DESCRIPTION
Extent xiii, 158 p. :
Other physical details ill. ;
Dimensions 25 cm.
504 ## - BIBLIOGRAPHY, ETC. NOTE
Bibliography, etc. note Includes bibliographical references (p. [143]-149) and index.
505 0# - FORMATTED CONTENTS NOTE
Formatted contents note Madness and meaning : understanding the threat -- Terrorism past and present -- Patterns and trends -- The al-Qaeda exception? -- What do the terrorists want? -- How safe are we? -- Responses to terrorism -- A comprehensive approach -- Conclusion : measuring the risk and counting the cost.
650 #0 - SUBJECT ADDED ENTRY--TOPICAL TERM
Topical term or geographic name entry element Terrorism.
650 #0 - SUBJECT ADDED ENTRY--TOPICAL TERM
Topical term or geographic name entry element Terrorism
General subdivision History.
650 #0 - SUBJECT ADDED ENTRY--TOPICAL TERM
Topical term or geographic name entry element Terrorism
General subdivision Prevention.
650 #0 - SUBJECT ADDED ENTRY--TOPICAL TERM
Topical term or geographic name entry element War on Terrorism, 2001-2009.
856 41 - ELECTRONIC LOCATION AND ACCESS
Materials specified Table of contents only
Uniform Resource Identifier <a href="http://www.loc.gov/catdir/toc/ecip0619/2006026014.html">http://www.loc.gov/catdir/toc/ecip0619/2006026014.html</a>
906 ## - LOCAL DATA ELEMENT F, LDF (RLIN)
a 7
b cbc
c orignew
d 1
e ecip
f 20
g y-gencatlg
942 ## - ADDED ENTRY ELEMENTS (KOHA)
Source of classification or shelving scheme
Koha item type Book
Holdings
Withdrawn status Lost status Damaged status Not for loan Collection code Permanent Location Current Location Shelving location Date acquired Total Checkouts Full call number Barcode Date last seen Date last checked out Price effective from Koha item type
          Centre for International Peace & Stability (CIPS) Centre for International Peace & Stability (CIPS) General Stacks 10/02/2013 1 363.325 MOC 2007 CIPS0002355 03/13/2026 01/23/2026 12/03/2013 Book
© 2023 Central Library, National University of Sciences and Technology. All Rights Reserved.